Asociación Española para el Progreso de las Ciencias (Record no. 46710)
[ view plain ]
| 000 -LEADER | |
|---|---|
| campo de control de longitud fija | 00549nam a2200157 i 4500 |
| 001 - NÚMERO DE CONTROL | |
| campo de control | 46710 |
| 003 - IDENTIFICADOR DE NÚMERO DE CONTROL | |
| campo de control | ES-MaACL |
| 005 - FECHA Y HORA DE LA ÚLTIMA TRANSACCIÓN | |
| campo de control | 20230906161431.0 |
| 007 - CAMPO FIJO DE DESCRIPCIÓN FÍSICA--INFORMACIÓN GENERAL | |
| campo de control de longitud fija | t| |
| 008 - DATOS DE LONGITUD FIJA--INFORMACIÓN GENERAL | |
| campo de control de longitud fija | 030331s1917 sp ||||1| spa d |
| 110 2# - ENTRADA PRINCIPAL--NOMBRE DE ENTIDAD CORPORATIVA | |
| Nombre de entidad corporativa o nombre de jurisdicción como elemento de entrada | Asociación Española para el Progreso de las Ciencias. |
| Unidad subordinada | Congreso ( |
| Número del congreso/reunión o número de parte o sección | 6º. |
| Fecha del congreso o de la firma del tratado | 1917. |
| Sede del congreso/Lugar de la reunión | Sevilla) |
| 9 (RLIN) | 35 |
| 245 10 - MENCIÓN DEL TÍTULO | |
| Título | Asociación Española para el Progreso de las Ciencias |
| Resto del título | : sexto congreso celebrado en Sevilla. |
| 260 ## - PUBLICACIÓN, DISTRIBUCIÓN, ETC. | |
| Lugar de publicación, distribución, etc. | Madrid : |
| Nombre del editor, distribuidor, etc. | [s.n., |
| Fecha de publicación, distribución, etc. | 1917] ( |
| Fabricante | Fortanet) |
| 300 ## - DESCRIPCIÓN FÍSICA | |
| Extensión | 10 t. en 3 v. ; |
| Dimensiones | 24 cm. |
| 852 ## - LOCALIZACIÓN | |
| Ubicación | ES-MaACL |
| Número de control de estantería | D-8663-65 |
| Estatus retirado | Estado de pérdida | Estado de daño | No para préstamo | Biblioteca de origen | Biblioteca actual | Ubicación en estantería | Fecha de adquisición | Fuente de adquisición | Total de préstamos | Signatura topográfica completa | Código de barras | Visto por última vez | Precio de reemplazo | Tipo de ítem Koha |
|---|---|---|---|---|---|---|---|---|---|---|---|---|---|---|
| Biblioteca del Ateneo de Madrid | Biblioteca del Ateneo de Madrid | Sala Valle Inclán | 17/01/2008 | D-8663-65 | 901049129 | 23/02/2023 | 23/02/2023 | Libro impreso |
